María

Guardat en:
Dades bibliogràfiques
Autor principal: Isaacs, Jorge (Autor)
Format: Llibre
Idioma:espanyol
Publicat: Ciudad de México Nacional 1966
Matèries:
Etiquetes: Afegir etiqueta
Sense etiquetes, Sigues el primer a etiquetar aquest registre!

MARC

LEADER 00000nam a2200000 a 4500
001 UCT5054
003 CL-VaPUC
008 961129e19660000MX |||||||||||||||||spa|d
082 0 4 |a Co863  |b ISA  |2 21 
100 |a Isaacs, Jorge  |e author  |9 317136 
245 1 0 |a María 
300 |a 410 p 
942 |c BK 
945 |d 19961129 00:00:00  |a rleighto 
260 |a Ciudad de México  |b Nacional  |c 1966 
650 0 |a Novelas colombianas  |9 266734 
583 |a last modification  |c 19961129 00:00:00  |k Rodrigo Vera 
999 |c 254077  |d 254075 
952 |0 0  |1 0  |4 0  |6 CO_863_000000000000000_ISA_1966  |7 0  |8 A  |9 275456  |a BIBEDU  |b BIBEDU  |d 2019-11-19  |i 3254348  |l 1  |o Co863 ISA 1966  |p 3254348  |r 2022-05-19  |s 2022-05-12  |w 2019-11-19  |y BK  |k LIT